[Event "Labour Day op U2200"]
[Site "Toronto CAN"]
[Date "1996.09.01"]
[Round "4"]
[White "Reyes, Romero"]
[Black "Veltmann, Martin"]
[Result "1-0"]
[WhiteElo "2090"]
[BlackElo "2254"]
[PlyCount "81"]
[EventDate "1996.08.31"]
[EventType "swiss"]
[EventRounds "6"]
[EventCountry "CAN"]

1. e4 e5 2. Nf3 Nc6 3. Bb5 a6 4. Ba4 Nf6 5. O-O Be7 6. Re1 b5 7. Bb3 d6 8. c3
O-O 9. h3 Bb7 10. d4 Re8 11. Nbd2 Bf8 12. d5 Nb8 13. Nf1 Nbd7 14. Ng3 c6 15.
dxc6 Bxc6 16. Ng5 d5 17. exd5 Bb7 18. d6 Nc5 19. Bxf7+ Kh8 20. b4 Na4 21. c4 h6
22. N5e4 Nxe4 23. Nxe4 Bxe4 24. Rxe4 Nc3 25. Qd3 Nxe4 26. Qxe4 Qxd6 27. Bxe8
Rxe8 28. c5 Qd1+ 29. Kh2 Qf1 30. Kg3 Qd1 31. Bb2 Qd2 32. Rb1 Be7 33. Bc1 Qxa2
34. Be3 Qe6 35. Rd1 Rf8 36. Kh2 Qa2 37. Rd7 Bf6 38. c6 a5 39. bxa5 Qxa5 40.
Bxh6 b4 41. Qg6 1-0

[Event "Labour Day op U2200"]
[Site "Toronto CAN"]
[Date "1996.09.02"]
[Round "5"]
[White "Veltmann, Martin"]
[Black "Furstner, Nandor"]
[Result "1-0"]
[WhiteElo "2254"]
[BlackElo "2128"]
[PlyCount "87"]
[EventDate "1996.08.31"]
[EventType "swiss"]
[EventRounds "6"]
[EventCountry "CAN"]

1. c4 e5 2. Nc3 Nc6 3. g3 d6 4. Bg2 Be6 5. d3 Be7 6. Nf3 Qd7 7. Nd5 h6 8. O-O
Nf6 9. Nxe7 Nxe7 10. e4 Bh3 11. Qe2 g5 12. d4 Bxg2 13. Kxg2 g4 14. Nh4 exd4 15.
e5 Qc6+ 16. Kg1 Ne4 17. exd6 Nxd6 18. Re1 O-O-O 19. Qxg4+ f5 20. Qxd4 Ne4 21.
Qxa7 b6 22. Bf4 Rd7 23. Qa6+ Kb8 24. Qb5 Ng5 25. Qxc6 Nxc6 26. Kg2 Nd4 27. Rad1
Rf8 28. Be5 Nge6 29. Bxd4 Rxd4 30. Rxd4 Nxd4 31. Nf3 Nc2 32. Re6 Nb4 33. Rxh6
Nxa2 34. h4 Nc1 35. Ne5 Kb7 36. h5 Nb3 37. Rg6 Nd2 38. h6 Ne4 39. f3 Nf6 40. g4
fxg4 41. fxg4 Ne4 42. g5 Rf2+ 43. Kh3 Rxb2 44. Ng4 1-0

[Event "Labour Day op U2200"]
[Site "Toronto CAN"]
[Date "1996.09.02"]
[Round "6"]
[White "Hosiosky, Ben"]
[Black "Veltmann, Martin"]
[Result "1/2-1/2"]
[WhiteElo "2023"]
[BlackElo "2254"]
[PlyCount "90"]
[EventDate "1996.08.31"]
[EventType "swiss"]
[EventRounds "6"]
[EventCountry "CAN"]

1. c4 Nf6 2. Nf3 g6 3. d4 Bg7 4. Bf4 d6 5. Nc3 O-O 6. h3 Nbd7 7. Qd2 c6 8. Bh6
e5 9. Bxg7 Kxg7 10. dxe5 Nxe5 11. Nxe5 dxe5 12. Rd1 Bf5 13. g4 Be6 14. b3 Qa5
15. Na4 Qxd2+ 16. Rxd2 Ne4 17. Rd3 b5 18. cxb5 cxb5 19. Nc3 Nxc3 20. Rxc3 b4
21. Rc1 Rac8 22. Rxc8 Rxc8 23. Kd2 f5 24. g5 Bd5 25. f3 f4 26. h4 Rc3 27. Bg2
a5 28. Rc1 Rxc1 29. Kxc1 a4 30. bxa4 Bxa2 31. Kb2 Bc4 32. Kc2 Bxe2 33. Kb3 e4
34. fxe4 f3 35. Bh3 f2 36. Kxb4 f1=Q 37. Bxf1 Bxf1 38. Kc5 Kf7 39. Kd6 Ba6 40.
e5 Bc4 41. a5 Bb5 42. Kc5 Ba6 43. Kd6 Bd3 44. Kd7 Bc4 45. Kd6 Bb5 1/2-1/2

[Event "Laval XIII"]
[Site "Laval CAN"]
[Date "1996.04.20"]
[Round "2"]
[White "Linskiy, Oleg"]
[Black "Clement, Michel"]
[Result "1-0"]
[WhiteElo "2405"]
[BlackElo "1996"]
[PlyCount "79"]
[EventDate "1996.04.19"]
[EventType "swiss"]
[EventRounds "5"]
[EventCountry "CAN"]

1. e4 e5 2. Nf3 f5 3. Nxe5 Qf6 4. d4 d6 5. Nc4 fxe4 6. Ne3 c6 7. Bc4 d5 8. Bb3
Nh6 9. c4 Bb4+ 10. Bd2 O-O 11. O-O Bd6 12. cxd5 Qh4 13. g3 Qh3 14. f4 Kh8 15.
Qe2 cxd5 16. Bxd5 Nc6 17. Bc3 Nf5 18. Nxf5 Bxf5 19. Bxe4 Bxe4 20. Qxe4 Rae8 21.
Qf3 Rf6 22. Nd2 Rh6 23. Rf2 Rf8 24. Ne4 Be7 25. d5 Nb8 26. Bd4 Nd7 27. Rd1 b6
28. d6 Bd8 29. f5 Rh5 30. g4 Qxf3 31. Rxf3 Rh6 32. Rc1 Kg8 33. Rc8 Nc5 34. Nxc5
bxc5 35. Bxc5 Bb6 36. Rxf8+ Kxf8 37. Bxb6 axb6 38. f6 gxf6 39. Re3 f5 40. d7
1-0

[Event "Laval XIII"]
[Site "Laval CAN"]
[Date "1996.04.20"]
[Round "3"]
[White "Clement, Michel"]
[Black "Goldenberg, Danny"]
[Result "1/2-1/2"]
[WhiteElo "1996"]
[BlackElo "1933"]
[PlyCount "122"]
[EventDate "1996.04.19"]
[EventType "swiss"]
[EventRounds "5"]
[EventCountry "CAN"]

1. e4 c5 2. Nf3 Nc6 3. d4 cxd4 4. Nxd4 e5 5. Nb5 d6 6. N1c3 a6 7. Na3 b5 8. Nd5
Nge7 9. Be3 Nxd5 10. exd5 Ne7 11. c4 Nf5 12. Bd2 Be7 13. cxb5 O-O 14. bxa6 e4
15. Be2 Bf6 16. Bc3 Bxc3+ 17. bxc3 Qa5 18. Nc2 Qxc3+ 19. Qd2 Qf6 20. O-O Qg6
21. Kh1 Nh4 22. Ne3 f5 23. f4 exf3 24. Bxf3 Bxa6 25. Rfc1 Nxf3 26. gxf3 Qh5 27.
Qg2 f4 28. Ng4 Ra7 29. Qd2 Bc8 30. Rg1 Re7 31. Rac1 Ba6 32. Rce1 Rd7 33. Rd1
Kh8 34. Rge1 h6 35. Re6 Bb7 36. Qd4 Kh7 37. Qd3+ Qf5 38. Qe4 Rff7 39. Nf2 h5
40. a4 g6 41. Qxf5 Rxf5 42. Ne4 Kg7 43. Nc3 Kf7 44. Re4 Ba6 45. Nb5 g5 46. h3
Bb7 47. Nc3 Re5 48. Kg1 Kf6 49. Kh2 Kf5 50. Rdd4 Ba6 51. Rxe5+ dxe5 52. Rd2 Bc4
53. d6 g4 54. hxg4+ hxg4 55. fxg4+ Kxg4 56. Ne4 Kf5 57. Nc5 Rh7+ 58. Kg1 Rg7+
59. Rg2 Rxg2+ 60. Kxg2 Bd5+ 61. Kf2 Kf6 1/2-1/2

[Event "London active"]
[Site "London CAN"]
[Date "1996.??.??"]
[Round "?"]
[White "Pope, John"]
[Black "De Kerpel, Stijn"]
[Result "0-1"]
[WhiteElo "1757"]
[BlackElo "1907"]
[PlyCount "74"]
[EventDate "1996.07.25"]
[EventType "swiss (rapid)"]
[EventRounds "6"]
[EventCountry "CAN"]
[Source "CFC"]
[SourceDate "2002.12.??"]

1. g3 d5 2. Bg2 Nf6 3. d3 g6 4. Bd2 Bg7 5. c3 O-O 6. Na3 e5 7. e4 c6 8. Ne2
Nbd7 9. O-O Re8 10. Nc2 dxe4 11. dxe4 Nc5 12. Bg5 Qc7 13. Bxf6 Bxf6 14. Ne3 Be6
15. Qc2 Rad8 16. Rfd1 Bg5 17. b4 Bxe3 18. fxe3 Na6 19. a3 Rd7 20. Rxd7 Bxd7 21.
Rd1 Be6 22. Kf2 Nb8 23. Qd2 Nd7 24. Qd6 Qb6 25. Ng1 Nf6 26. h3 Qb5 27. Qc7 a6
28. Rd8 Rxd8 29. Qxd8+ Kg7 30. g4 Qc4 31. Qc7 Nxe4+ 32. Bxe4 Qxe4 33. Qxb7 Qc2+
34. Kg3 Qxc3 35. Qxa6 Qxe3+ 36. Kh4 g5+ 37. Kh5 f6 0-1

[Event "Louis Roy mem."]
[Site "Timmins CAN"]
[Date "1996.??.??"]
[Round "?"]
[White "Cote, Richard"]
[Black "Richardson, Jim"]
[Result "0-1"]
[WhiteElo "1739"]
[BlackElo "2060"]
[PlyCount "74"]
[EventDate "1996.??.??"]
[EventType "swiss"]
[EventRounds "5"]
[EventCountry "CAN"]

1. d4 Nf6 2. c4 d6 3. Nc3 g6 4. Nf3 Bg7 5. e4 Nc6 6. d5 Ne5 7. Nxe5 dxe5 8. b3
O-O 9. Ba3 Re8 10. Qc2 a6 11. Be2 Bd7 12. h4 c6 13. Rd1 cxd5 14. Nxd5 Nxd5 15.
Rxd5 Qc7 16. Bb2 Bc6 17. Rd2 Rad8 18. Rxd8 Rxd8 19. h5 Bh6 20. hxg6 Bd2+ 21.
Kf1 fxg6 22. Bd3 Qd6 23. Ke2 Bf4 24. g3 Bg5 25. c5 Qc7 26. Bc4+ Kg7 27. f4 Bf6
28. Kf3 exf4 29. Bxf6+ exf6 30. Qh2 Bxe4+ 31. Kxe4 Qe5+ 32. Kf3 Qe3+ 33. Kg4
h5+ 34. Kh3 h4 35. Kg4 f5+ 36. Kg5 fxg3+ 37. Kxh4 Rh8# 0-1

[Event "Loyalist op"]
[Site "Saint John CAN"]
[Date "1996.06.30"]
[Round "3"]
[White "Mayo, Alvah"]
[Black "MacDonald, Jonathan"]
[Result "1-0"]
[WhiteElo "1980"]
[BlackElo "2095"]
[Annotator "Mayo, Alvah"]
[PlyCount "107"]
[EventDate "1996.06.29"]
[EventType "swiss"]
[EventRounds "6"]
[EventCountry "CAN"]

1. e4 c5 2. Nc3 Nc6 3. f4 d6 4. Nf3 g6 5. Bc4 Bg7 6. O-O e6 7. d3 Nge7 8. Qe1
O-O 9. f5 exf5 10. Qh4 h5 11. Bg5 Qc7 12. Rae1 fxe4 13. dxe4 Be6 14. Bxe6 fxe6
15. g4 hxg4 16. Qxg4 Qd7 17. Qh4 Nd4 18. Nxd4 Bxd4+ 19. Kg2 Nc6 20. Bh6 {
[%emt 0:05:19]} Bg7 21. Ne2 Ne5 22. Nf4 Rae8 23. Re3 Bxh6 {[%emt 0:05:43]} 24.
Qxh6 {[%emt 0:05:32]} Qg7 25. Qg5 Qf6 26. Qg3 Rf7 27. Re2 Qg7 28. Qg5 Rf6 29.
Ref2 Nf7 30. Qg3 Ne5 31. Qg5 Nc4 32. Re2 Ref8 33. b3 Ne5 34. Ref2 Nf7 35. Qg3
Qh6 36. h4 {[%emt 0:06:14]} g5 {[%emt 0:06:33]} 37. h5 Ne5 38. Nh3 Rxf2+ 39.
Rxf2 Rxf2+ 40. Kxf2 Nf7 41. Qf3 Kg7 42. Kg3 Qf6 43. Qe2 Qc3+ 44. Kg2 Qe5 45.
Qg4 Kh6 46. a4 Qf6 47. Qe2 Qe5 48. Qg4 d5 49. Nf2 Nd6 50. Qf3 Nxe4 51. Ng4+ Kg7
52. Nxe5 Nf6 53. h6+ Kxh6 54. Qxf6+ 1-0

[Event "Loyalist op"]
[Site "St. John CAN"]
[Date "1996.06.29"]
[Round "1"]
[White "McKim, Fred"]
[Black "Davies, Cedric"]
[Result "0-1"]
[WhiteElo "2082"]
[BlackElo "1612"]
[PlyCount "50"]
[EventDate "1996.06.29"]
[EventType "swiss"]
[EventRounds "5"]
[EventCountry "CAN"]

1. d4 Nf6 2. Bg5 e6 3. e4 h6 4. Bxf6 Qxf6 5. Nf3 c5 6. e5 Qd8 7. c3 Nc6 8. Nbd2
d5 9. exd6 cxd4 10. Nxd4 Nxd4 11. cxd4 Bxd6 12. Qg4 O-O 13. Bd3 e5 14. Qe4 g6
15. Bc4 Bf5 16. Qxb7 Rb8 17. Qxa7 Qg5 18. g3 Rxb2 19. Nb3 Bb4+ 20. Kf1 Be4 21.
Rg1 Qf5 22. Nd2 Rxd2 23. dxe5 Qh3+ 24. Ke1 Rd7+ 25. Ke2 Qg4+ 0-1

[Event "Manitoba op"]
[Site "Winnipeg CAN"]
[Date "1996.??.??"]
[Round "?"]
[White "Vlaovic, George"]
[Black "Kollar, Frank"]
[Result "1-0"]
[WhiteElo "2330"]
[BlackElo "2300"]
[PlyCount "87"]
[EventDate "1996.??.??"]
[EventType "swiss"]
[EventRounds "6"]
[EventCountry "CAN"]

1. e4 g6 2. d4 Bg7 3. Nc3 c5 4. Nge2 cxd4 5. Nxd4 Nc6 6. Be3 d6 7. Qd2 Nf6 8.
f3 Bd7 9. Bc4 Rc8 10. Bb3 a6 11. h4 h5 12. O-O-O Na5 13. Bg5 Nc4 14. Bxc4 Rxc4
15. Nde2 Qa5 16. Kb1 Be6 17. Bxf6 Bxf6 18. Nd5 Ra4 19. Qxa5 Rxa5 20. Nxf6+ exf6
21. b3 Ke7 22. c4 b5 23. Nd4 Bd7 24. cxb5 axb5 25. Nc2 Rc8 26. Nb4 Be6 27. Rd4
Ra7 28. Rhd1 Rd7 29. Kb2 Rc5 30. Nd3 Rc8 31. Nf4 Rc5 32. R1d2 f5 33. Nd3 Rcc7
34. Rb4 fxe4 35. fxe4 Rb7 36. g3 f6 37. Nf4 Bf7 38. Nd5+ Ke6 39. Nc3 Ke5 40.
Nxb5 g5 41. a4 gxh4 42. gxh4 Bg6 43. Rd5+ Kf4 44. e5+ 1-0

[Event "Manitoba-ch U16"]
[Site "Winnipeg CAN"]
[Date "1996.10.19"]
[Round "1"]
[White "Gajardo, Michael"]
[Black "Gushuliak, Justin"]
[Result "1-0"]
[WhiteElo "1479"]
[BlackElo "812"]
[PlyCount "57"]
[EventDate "1996.10.19"]
[EventType "swiss"]
[EventRounds "4"]
[EventCountry "CAN"]
[Source "ChessBase"]
[SourceDate "2000.11.22"]

1. e4 e5 2. Nf3 Nc6 3. d4 d5 4. Nxe5 Nxe5 5. dxe5 dxe4 6. Qxd8+ Kxd8 7. Nc3 f5
8. Bg5+ Be7 9. Bxe7+ Nxe7 10. Rd1+ Bd7 11. Bc4 Ke8 12. Nd5 c6 13. Nc7+ Kd8 14.
Nxa8 b5 15. Be6 Nd5 16. Bxd5 cxd5 17. Rxd5 Kc8 18. Rc5+ Kb8 19. Nc7 Rc8 20.
Na6+ Ka8 21. Rxc8+ Bxc8 22. Nc7+ Kb8 23. Nxb5 Ba6 24. a4 Bxb5 25. axb5 Kc7 26.
O-O Kb6 27. Ra1 a5 28. bxa6 Ka7 29. b4 1-0

[Event "Manitoba-ch U16"]
[Site "Winnipeg CAN"]
[Date "1996.10.19"]
[Round "1"]
[White "Henson, Joshua"]
[Black "Gajardo, Alex"]
[Result "1-0"]
[WhiteElo "1884"]
[BlackElo "1466"]
[PlyCount "35"]
[EventDate "1996.10.19"]
[EventType "swiss"]
[EventRounds "4"]
[EventCountry "CAN"]
[Source "ChessBase"]
[SourceDate "2000.11.22"]

1. e4 c5 2. Nf3 d6 3. d4 cxd4 4. Nxd4 Nf6 5. Nc3 g6 6. Be3 Bg7 7. f3 Nc6 8. Qd2
O-O 9. Bc4 Bd7 10. O-O-O Qc7 11. Bb3 Rac8 12. h4 a6 13. h5 Nxd4 14. Bxd4 Nxh5
15. Bxg7 Nxg7 16. Qh6 Nh5 17. g4 Nf6 18. Nd5 1-0

[Event "Manitoba-ch U16"]
[Site "Winnipeg CAN"]
[Date "1996.10.19"]
[Round "1"]
[White "Lipnowski, Michael"]
[Black "Aguilar, Alfredo"]
[Result "1-0"]
[WhiteElo "1277"]
[BlackElo "1545"]
[PlyCount "121"]
[EventDate "1996.10.19"]
[EventType "swiss"]
[EventRounds "4"]
[EventCountry "CAN"]
[Source "ChessBase"]
[SourceDate "2000.11.22"]

1. d4 d5 2. c4 e6 3. Nc3 Nf6 4. cxd5 exd5 5. Bg5 Be7 6. e3 O-O 7. Nf3 Re8 8.
Bd3 h6 9. Bh4 Bg4 10. O-O Ne4 11. Bxe7 Rxe7 12. h3 Bh5 13. Be2 Nf6 14. Ne5 Bxe2
15. Qxe2 c6 16. Rfd1 Nbd7 17. Nxd7 Qxd7 18. Rab1 Rae8 19. Qc2 Rd8 20. b4 Qc7
21. Qb3 Rc8 22. Rdc1 Qd7 23. b5 Ne4 24. bxc6 bxc6 25. Nxe4 Rxe4 26. Rc5 Re7 27.
Rbc1 Re6 28. Qa4 Rg6 29. Kh2 Rf6 30. Qc2 Qc7+ 31. Kg1 Qd7 32. Ra5 Rg6 33. Kh1
Qc7 34. Qc5 Qb6 35. Rxa7 Qxc5 36. Rxc5 Rb8 37. Rc2 Rf6 38. a4 Rb1+ 39. Kh2 Rf1
40. f3 Re1 41. a5 Rxe3 42. Ra2 Re8 43. a6 Rd6 44. Rb7 Rdd8 45. Rab2 Ra8 46. a7
Kh7 47. Rb8 Rxa7 48. Rxe8 Kg6 49. Reb8 Ra4 50. R2b4 Ra3 51. R8b6 Rc3 52. Ra4
Kh7 53. Rb7 Kg6 54. Raa7 Rc4 55. Rxf7 Rxd4 56. Rxg7+ Kf6 57. Rgd7 c5 58. Ra6+
Ke5 59. Re7+ Kf5 60. g4+ Kg5 61. Kg3 1-0

[Event "Manitoba-ch U16"]
[Site "Winnipeg CAN"]
[Date "1996.10.19"]
[Round "1"]
[White "Lipnowski, Samuel"]
[Black "Walker, Sean"]
[Result "1-0"]
[WhiteElo "1667"]
[BlackElo "1326"]
[PlyCount "135"]
[EventDate "1996.10.19"]
[EventType "swiss"]
[EventRounds "4"]
[EventCountry "CAN"]
[Source "ChessBase"]
[SourceDate "2000.11.22"]

1. d4 d5 2. c4 e6 3. cxd5 exd5 4. Nc3 Nf6 5. Bg5 Be7 6. e3 O-O 7. Nf3 Bg4 8.
Be2 h6 9. Bxf6 Bxf6 10. Qb3 Re8 11. Qxb7 Nd7 12. Qxd5 Nb6 13. Qxd8 Raxd8 14.
O-O Bxf3 15. Bxf3 Nc4 16. b3 Nd2 17. Rfc1 Nxf3+ 18. gxf3 c5 19. d5 Bxc3 20.
Rxc3 Rxd5 21. Rac1 Rd2 22. a4 Rb2 23. Rxc5 Rxb3 24. Rc7 a6 25. Ra7 Rb6 26. Rcc7
Rf8 27. f4 Rg6+ 28. Kf1 h5 29. Rc5 Rh6 30. Ra5 Kh7 31. R5xa6 Rxa6 32. Rxa6 Rc8
33. Rb6 Rc1+ 34. Kg2 Ra1 35. Rb4 f6 36. f5 Kh6 37. Kg3 Kg5 38. Rf4 Ra3 39. h4+
Kh6 40. Rd4 g6 41. fxg6 Kxg6 42. Kf4 Ra2 43. f3 Ra3 44. e4 Kf7 45. a5 Rxa5 46.
Rd5 Ra3 47. Rxh5 Kg6 48. Rb5 Ra4 49. Kg4 Ra8 50. Rb6 Rf8 51. e5 Kg7 52. Rxf6
Rxf6 53. exf6+ Kxf6 54. h5 Kg7 55. Kg5 Kg8 56. f4 Kg7 57. f5 Kg8 58. Kg6 Kf8
59. f6 Kg8 60. f7+ Kf8 61. h6 Ke7 62. Kg7 Kd6 63. f8=Q+ Kc6 64. Qd8 Kb7 65. Qd6
Kc8 66. Qe7 Kb8 67. h7 Ka8 68. h8=Q# 1-0

[Event "Manitoba-ch U16"]
[Site "Winnipeg CAN"]
[Date "1996.10.19"]
[Round "2"]
[White "Aguilar, Alfredo"]
[Black "Huggan, Philip"]
[Result "1/2-1/2"]
[WhiteElo "1545"]
[BlackElo "1433"]
[PlyCount "46"]
[EventDate "1996.10.19"]
[EventType "swiss"]
[EventRounds "4"]
[EventCountry "CAN"]
[Source "ChessBase"]
[SourceDate "2000.11.22"]

1. e4 c6 2. d4 d5 3. exd5 cxd5 4. Nf3 Nc6 5. Be2 Bf5 6. a3 a5 7. O-O e6 8. Bb5
Nge7 9. Re1 g6 10. Bg5 Bg7 11. Ne5 Bxe5 12. dxe5 Qb6 13. Bxc6+ bxc6 14. b3 h6
15. Bf6 Rh7 16. Nd2 a4 17. Rc1 Ng8 18. Qf3 Nxf6 19. exf6 Kd7 20. Qe3 Qxe3 21.
Rxe3 Rhh8 22. Nf3 Rac8 23. Ne5+ Ke8 1/2-1/2

[Event "Manitoba-ch U16"]
[Site "Winnipeg CAN"]
[Date "1996.10.19"]
[Round "2"]
[White "Gajardo, Alex"]
[Black "Walker, Sean"]
[Result "1-0"]
[WhiteElo "1466"]
[BlackElo "1326"]
[PlyCount "123"]
[EventDate "1996.10.19"]
[EventType "swiss"]
[EventRounds "4"]
[EventCountry "CAN"]
[Source "ChessBase"]
[SourceDate "2000.11.22"]

1. d4 d5 2. Nf3 Nf6 3. c4 e6 4. Nc3 Bd6 5. Bg5 h6 6. Bh4 g5 7. Bg3 Bxg3 8. hxg3
Nc6 9. Nxg5 Ng4 10. Nf3 Qf6 11. e3 e5 12. dxe5 Ncxe5 13. Nxd5 Qc6 14. Nd4 Qd7
15. f3 Nxe3 16. Nxe3 Qd6 17. Nb5 Qb6 18. Nd5 Qg6 19. Ndxc7+ Kf8 20. Nxa8 Qxg3+
21. Kd2 Qf4+ 22. Ke1 Qg3+ 23. Kd2 Kg7 24. Qe1 Rd8+ 25. Kc3 Qf4 26. Qe4 Qf6 27.
Kb3 Nd7 28. Rh5 b6 29. Nbc7 Kf8 30. Qe3 Nc5+ 31. Rxc5 bxc5 32. Qxc5+ Kg8 33.
Qxa7 Bf5 34. Nd5 Qd6 35. Ne7+ Kf8 36. Nxf5 Rb8+ 37. Kc2 Qb4 38. b3 Rd8 39. Rd1
Re8 40. Nd6 Re7 41. Qb6 Qxb6 42. Nxb6 Ra7 43. a4 Ra6 44. c5 Ra7 45. c6 Rc7 46.
Nd7+ Ke7 47. Ne5 Ke6 48. Nexf7 Rxc6+ 49. Bc4+ Ke7 50. Nxh6 Kf6 51. Ne4+ Ke5 52.
Rd6 Rc7 53. Nf7+ Kf4 54. a5 Ra7 55. a6 Ke3 56. Rb6 Kd4 57. Rb7 Ra8 58. Nfd6 Ke5
59. Nb5 Kf5 60. a7 Ke5 61. Rb8 Rxa7 62. Nxa7 1-0

[Event "Manitoba-ch U16"]
[Site "Winnipeg CAN"]
[Date "1996.10.19"]
[Round "2"]
[White "Gajardo, Michael"]
[Black "Lipnowski, Samuel"]
[Result "0-1"]
[WhiteElo "1479"]
[BlackElo "1667"]
[PlyCount "50"]
[EventDate "1996.10.19"]
[EventType "swiss"]
[EventRounds "4"]
[EventCountry "CAN"]
[Source "ChessBase"]
[SourceDate "2000.11.22"]

1. e4 c5 2. Nf3 e6 3. d4 cxd4 4. Nxd4 a6 5. Nc3 Qc7 6. a3 Nf6 7. g3 Be7 8. Bf4
d6 9. Be3 b5 10. Bg2 Bb7 11. O-O O-O 12. Qd3 Nbd7 13. Nb3 Ne5 14. Qd2 Nc4 15.
Qc1 Nxe3 16. Qxe3 Rac8 17. Rad1 Nd7 18. Rd3 Ne5 19. Rdd1 Nc4 20. Qc1 Nxa3 21.
bxa3 Qxc3 22. Rd2 Rc7 23. f4 Rfc8 24. Rf3 Qc6 25. Na5 Qb6+ 0-1

[Event "Manitoba-ch U16"]
[Site "Winnipeg CAN"]
[Date "1996.10.19"]
[Round "2"]
[White "Lipnowski, Michael"]
[Black "Henson, Joshua"]
[Result "0-1"]
[WhiteElo "1277"]
[BlackElo "1884"]
[PlyCount "74"]
[EventDate "1996.10.19"]
[EventType "swiss"]
[EventRounds "4"]
[EventCountry "CAN"]
[Source "ChessBase"]
[SourceDate "2000.11.22"]

1. d4 Nf6 2. c4 e6 3. Nf3 b6 4. Nc3 Bb7 5. e3 Be7 6. Bd3 d5 7. cxd5 exd5 8. O-O
O-O 9. b3 c5 10. Bb2 Nc6 11. h3 Re8 12. dxc5 bxc5 13. Qc2 Nb4 14. Qe2 Nxd3 15.
Qxd3 Rc8 16. Rfd1 Bf8 17. Ne2 Qb6 18. Nf4 Red8 19. Qc2 Ne4 20. Rac1 Qc7 21. Ne5
Nf6 22. Qe2 Re8 23. Nh5 Rxe5 24. Nxf6+ gxf6 25. Bxe5 fxe5 26. Rc3 Bg7 27. Rdc1
Qb6 28. Qg4 Qd6 29. b4 c4 30. Rd1 Qxb4 31. Rcc1 Qa5 32. Qd7 Qc7 33. Qxc7 Rxc7
34. e4 d4 35. Re1 c3 36. f3 Bh6 37. Rcd1 c2 0-1

[Event "Manitoba-ch U16"]
[Site "Winnipeg CAN"]
[Date "1996.10.19"]
[Round "2"]
[White "Walker, Erin"]
[Black "Rothman, Benji"]
[Result "1-0"]
[WhiteElo "1673"]
[BlackElo "1113"]
[PlyCount "97"]
[EventDate "1996.10.19"]
[EventType "swiss"]
[EventRounds "4"]
[EventCountry "CAN"]
[Source "ChessBase"]
[SourceDate "2000.11.22"]

1. e4 c6 2. d4 d5 3. exd5 cxd5 4. Nf3 Nf6 5. Bd3 Bg4 6. Bf4 Nc6 7. c3 e6 8.
Nbd2 Bd6 9. Bxd6 Qxd6 10. O-O O-O 11. Re1 e5 12. dxe5 Nxe5 13. Rxe5 Qxe5 14.
Nxe5 Bxd1 15. Rxd1 Rfe8 16. Ndf3 Re7 17. Re1 Ng4 18. Nxg4 Rxe1+ 19. Nxe1 Re8
20. Kf1 Rd8 21. Nc2 h5 22. Nge3 g6 23. Ke2 Kh7 24. Nb4 Re8 25. Nbxd5 Re6 26.
Nc7 Re5 27. Bc4 f5 28. g3 h4 29. Kf3 hxg3 30. hxg3 Kh6 31. Nb5 g5 32. Nd6 g4+
33. Kg2 Kg5 34. Nf7+ Kf6 35. Nxe5 Kxe5 36. Bd3 f4 37. Nxg4+ Ke6 38. gxf4 Kd6
39. f5 Ke7 40. f6+ Kf7 41. Bc4+ Kf8 42. f7 Ke7 43. Ne5 a6 44. Ng6+ Kf6 45.
f8=Q+ Kxg6 46. Bd3+ Kg5 47. Qf5+ Kh4 48. Be2 b6 49. Qg4# 1-0

[Event "Manitoba-ch U16"]
[Site "Winnipeg CAN"]
[Date "1996.10.20"]
[Round "3"]
[White "Gajardo, Alex"]
[Black "Lipnowski, Michael"]
[Result "0-1"]
[WhiteElo "1466"]
[BlackElo "1277"]
[PlyCount "64"]
[EventDate "1996.10.19"]
[EventType "swiss"]
[EventRounds "4"]
[EventCountry "CAN"]
[Source "ChessBase"]
[SourceDate "2000.11.22"]

1. d4 Nf6 2. c4 g6 3. Nc3 Bg7 4. e4 d6 5. Nf3 O-O 6. Be2 e5 7. d5 a5 8. O-O Na6
9. h3 Nc5 10. Be3 Nfxe4 11. Nxe4 Nxe4 12. Bd3 Nf6 13. Bg5 Re8 14. Re1 Bd7 15.
Qd2 Qc8 16. Bxf6 Bxf6 17. Kh2 Bg7 18. Bc2 f5 19. Rad1 e4 20. Nd4 Qd8 21. b3 Qh4
22. g3 Qf6 23. Qe3 h6 24. Kg2 Re7 25. Kh2 Rae8 26. Kg2 g5 27. Kh2 f4 28. Qe2 e3
29. f3 fxg3+ 30. Kxg3 Qf4+ 31. Kg2 Be5 32. Kf1 Bxh3+ 0-1

[Event "Manitoba-ch U16"]
[Site "Winnipeg CAN"]
[Date "1996.10.20"]
[Round "3"]
[White "Gushuliak, Justin"]
[Black "Aguilar, Alfredo"]
[Result "0-1"]
[WhiteElo "812"]
[BlackElo "1545"]
[PlyCount "42"]
[EventDate "1996.10.19"]
[EventType "swiss"]
[EventRounds "4"]
[EventCountry "CAN"]
[Source "ChessBase"]
[SourceDate "2000.11.22"]

1. e4 e5 2. Nf3 Nc6 3. Bb5 a6 4. Bxc6 dxc6 5. d4 exd4 6. Nxd4 Bc5 7. c3 Bb6 8.
b4 a5 9. Ba3 axb4 10. Bxb4 c5 11. Nb5 Qxd1+ 12. Kxd1 cxb4 13. cxb4 Bd7 14. N1c3
Ne7 15. Rc1 O-O 16. Nd5 Nxd5 17. exd5 Bxb5 18. Ke1 Rfe8+ 19. Kd1 Rxa2 20. h3
Ba4+ 21. Rc2 Rxc2 0-1

[Event "Manitoba-ch U16"]
[Site "Winnipeg CAN"]
[Date "1996.10.20"]
[Round "3"]
[White "Henson, Joshua"]
[Black "Lipnowski, Samuel"]
[Result "1/2-1/2"]
[WhiteElo "1884"]
[BlackElo "1667"]
[PlyCount "79"]
[EventDate "1996.10.19"]
[EventType "swiss"]
[EventRounds "4"]
[EventCountry "CAN"]
[Source "ChessBase"]
[SourceDate "2000.11.22"]

1. e4 c5 2. Nf3 e6 3. d4 cxd4 4. Nxd4 a6 5. c4 Nf6 6. Nc3 Qc7 7. Bd3 Be7 8. O-O
O-O 9. Be3 b6 10. f4 d6 11. f5 e5 12. Nb3 Bb7 13. Rf3 Nbd7 14. Rh3 Rfe8 15. g4
g6 16. Rg3 Kh8 17. Qe2 Rac8 18. Kh1 Rg8 19. Rag1 Rge8 20. Qg2 Qb8 21. Bh6 Rg8
22. Qh3 Qa8 23. Qg2 Rce8 24. Qe2 Rc8 25. R1g2 Rce8 26. Qe3 Rc8 27. Qe1 Rce8 28.
Qe2 Rd8 29. Qe3 Rc8 30. Re2 Rce8 31. Rc2 Rc8 32. Rgg2 Bf8 33. Bg5 Be7 34. Rce2
Bd8 35. Bxf6+ Nxf6 36. Nd5 Nxd5 37. cxd5 b5 38. Rc2 Be7 39. Qb6 Rxc2 40. Rxc2
1/2-1/2

[Event "Manitoba-ch U16"]
[Site "Winnipeg CAN"]
[Date "1996.10.20"]
[Round "3"]
[White "Huggan, Philip"]
[Black "Rothman, Benji"]
[Result "1-0"]
[WhiteElo "1433"]
[BlackElo "1113"]
[PlyCount "95"]
[EventDate "1996.10.19"]
[EventType "swiss"]
[EventRounds "4"]
[EventCountry "CAN"]
[Source "ChessBase"]
[SourceDate "2000.11.22"]

1. e4 c6 2. d4 d5 3. Nc3 Nf6 4. Bd3 e6 5. e5 Ne4 6. Nxe4 dxe4 7. Bxe4 Be7 8. f4
O-O 9. g4 Bh4+ 10. Kf1 c5 11. c3 Bd7 12. g5 Bc6 13. Bxc6 Nxc6 14. Be3 Qd5 15.
Nf3 Ne7 16. Rg1 Nf5 17. Qe2 Qe4 18. Bd2 Qxe2+ 19. Kxe2 cxd4 20. cxd4 Rfd8 21.
Bc3 a5 22. Rg4 Bxg5 23. Rxg5 h6 24. Rg2 b5 25. a3 Rab8 26. Bxa5 Nxd4+ 27. Nxd4
Rxd4 28. Bd2 Rbd8 29. Rd1 Kf8 30. Rgg1 Rd3 31. Bb4+ Ke8 32. Rxd3 Rxd3 33. Kxd3
Kd7 34. Rc1 Kd8 35. b3 g5 36. fxg5 hxg5 37. a4 bxa4 38. bxa4 f5 39. exf6 Ke8
40. a5 Kf7 41. a6 Kxf6 42. a7 e5 43. a8=Q Kf5 44. Qf3+ Kg6 45. Rc6+ Kg7 46.
Qf6+ Kh7 47. Bf8 Kg8 48. Qg7# 1-0

[Event "Manitoba-ch U16"]
[Site "Winnipeg CAN"]
[Date "1996.10.20"]
[Round "4"]
[White "Aguilar, Alfredo"]
[Black "Gajardo, Michael"]
[Result "1-0"]
[WhiteElo "1545"]
[BlackElo "1479"]
[PlyCount "29"]
[EventDate "1996.10.19"]
[EventType "swiss"]
[EventRounds "4"]
[EventCountry "CAN"]
[Source "ChessBase"]
[SourceDate "2000.11.22"]

1. e4 e5 2. Nf3 Nc6 3. Bb5 d6 4. h3 Bd7 5. O-O a6 6. Ba4 b5 7. Bb3 Nf6 8. Re1
Na5 9. d4 exd4 10. Nxd4 Qe7 11. Nf3 Nxe4 12. Bd5 Bc6 13. Bxe4 Bxe4 14. Nc3 d5
15. Nxd5 1-0